000 00522 a2200157 4500
003 NUST
038 _aazhar
082 _aBIT-5
100 _aWajid Ali Khan
_992193
245 _aHandheld Device Based Desktop Control System using Bluetooth
_cWajid Ali Khan
260 _aIslamabad,
_bNUST School of Electrical Engineering & Computer Science,
_c2007.
300 _aix, 62 p. :
_bill. ;
_c27 cm. +
_eCD-ROM
500 _aIncludes References
856 _uhttp://10.250.8.41:8080/xmlui/handle/123456789/9218
942 _2ddc
_cTHE
999 _c9125
_d9125